Control estadístico de la calidad
Saved in:
| Main Author: | |
|---|---|
| Format: | Book |
| Language: | Spanish |
| Published: |
Ciudad de México
Limusa Wiley
2007
|
| Subjects: | |
| Tags: |
Add Tag
No Tags, Be the first to tag this record!
|
MARC
| LEADER | 00000cam a2200000 a 4500 | ||
|---|---|---|---|
| 001 | UCI1426 | ||
| 003 | CL-VaPUC | ||
| 008 | 070629e20070000MX |||||||||||||||||spa|d | ||
| 020 | |a 9789681862343 | ||
| 082 | 0 | 4 | |a 658.562 |b MON |2 21 |
| 100 | |a Montgomery, Douglas C. |e author |9 602209 | ||
| 245 | 1 | 0 | |a Control estadístico de la calidad |
| 300 | |a 797 p | ||
| 942 | |c BK | ||
| 945 | |d 20070629 00:00:00 |a jtorresc | ||
| 260 | |a Ciudad de México |b Limusa Wiley |c 2007 | ||
| 650 | 0 | |a Control de calidad |9 259714 | |
| 650 | 0 | |a Métodos estadísticos |9 259407 | |
| 650 | 0 | |a Control de procesos |9 259880 | |
| 650 | 0 | |a Calidad total |9 259929 | |
| 583 | |a last modification |c 20120510 09:38:43 |k Rodrigo Vera | ||
| 999 | |c 326249 |d 326247 | ||
| 952 | |0 0 |1 0 |4 0 |6 658_562000000000000_MON_2007 |7 0 |8 A |9 408047 |a BIBALI |b BIBALI |c RES |d 2019-11-22 |i 4353633 |l 2 |o 658.562 MON 2007 |p 4353633 |r 2025-01-20 |s 2023-03-31 |w 2019-11-22 |y BK_R |k ALI | ||
| 952 | |0 0 |1 0 |4 0 |6 658_562000000000000_MON_2007 |7 0 |8 A |9 408048 |a BIBALI |b BIBALI |c RES |d 2019-11-22 |i 4353641 |o 658.562 MON 2007 |p 4353641 |r 2025-01-20 |w 2019-11-22 |y BK_R |k ALI | ||
| 952 | |0 0 |1 0 |4 0 |6 658_562000000000000_MON_2007 |7 0 |8 A |9 408050 |a BIBALI |b BIBALI |c RES |d 2019-11-22 |i 4353668 |l 1 |o 658.562 MON 2007 |p 4353668 |r 2025-01-20 |s 2023-03-30 |w 2019-11-22 |y BK_R |k ALI | ||
| 952 | |0 0 |1 0 |4 0 |6 658_562000000000000_MON_2007 |7 0 |8 R |9 408051 |a BIBGIM |b BIBGIM |d 2019-11-22 |i 4866533 |o 658.562 MON 2007 |p 4866533 |r 2025-01-15 |w 2019-11-22 |y BK_R |k EST | ||
| 952 | |0 0 |1 0 |4 0 |6 658_562000000000000_MON_2007 |7 0 |8 R |9 408052 |a BIBGIM |b BIBGIM |d 2019-11-22 |i 4866541 |o 658.562 MON 2007 |p 4866541 |r 2025-01-15 |w 2019-11-22 |y BK_R |k EST | ||
| 952 | |0 0 |1 0 |4 0 |6 658_562000000000000_MON_2007 |7 0 |8 R |9 408053 |a BIBGIM |b BIBGIM |d 2019-11-22 |i 486655K |o 658.562 MON 2007 |p 486655K |r 2025-01-15 |w 2019-11-22 |y BK_R |k EST | ||
| 952 | |0 0 |1 0 |4 0 |6 658_562000000000000_MON_2007 |7 0 |8 R |9 408054 |a BIBGIM |b BIBGIM |d 2019-11-22 |i 4866568 |o 658.562 MON 2007 |p 4866568 |r 2025-01-15 |w 2019-11-22 |y BK_R |k EST | ||
| 952 | |0 0 |1 0 |4 0 |6 658_562000000000000_MON_2007 |7 0 |8 R |9 408055 |a BIBGIM |b BIBGIM |d 2019-11-22 |i 4866576 |o 658.562 MON 2007 |p 4866576 |r 2025-01-15 |w 2019-11-22 |y BK_R |k EST | ||
| 952 | |0 0 |1 0 |4 0 |6 658_562000000000000_MON_2007 |7 0 |8 R |9 408056 |a BIBGIM |b BIBGIM |d 2019-11-22 |i 4866584 |o 658.562 MON 2007 |p 4866584 |r 2025-01-15 |w 2019-11-22 |y BK_R |k EST | ||
| 952 | |0 0 |1 0 |4 0 |6 658_562000000000000_MON_2007 |7 0 |8 R |9 408057 |a BIBGIM |b BIBGIM |d 2019-11-22 |i 4866592 |l 2 |o 658.562 MON 2007 |p 4866592 |r 2025-01-15 |s 2023-05-22 |w 2019-11-22 |y BK_R |k EST | ||